| 000 | 01761nam a2200241 a 4500 | ||
|---|---|---|---|
| 001 | 000540510 | ||
| 003 | AM-YEHGA | ||
| 005 | 20260123094633.0 | ||
| 008 | 070608s1860 ru ||| |||||||||||||arm|d | ||
| 040 | _aAM-YEHGA | ||
| 041 | 0 | _aarm | |
| 100 | 0 |
_aՄխիթար Այրիվանեցի, _d1230/1235 - 1297/1300 |
|
| 245 | 1 | 0 |
_aՊատմութիւն հայոց / _cՄ. Այրիվանեցի. |
| 260 |
_aՄոսկվա : _bտպ. Լազարեան ճեմարանի Արեւելեան լեզուաց, _c1860. |
||
| 300 |
_a69, 18 էջ ; _c23 սմ. |
||
| 500 | _aԼոյս ընծայեաց` Մ. Էմին ; Ծախիւք ներքին խորհրդականի սենեկապետի եւ ասպետի Խաչատրոյ Յովակիմեան Լազարևի | ||
| 500 | _aՏողատ. ծանոթ. | ||
| 501 | _aԿազմակից են՝ Պատմագրութիւն անցիցն իւրոց եւ Նատր-Շահին պարսից / Աբրահամ կաթողիկոս Կրետացի. - Վաղարշապատ : տպ. Ս. Էջմիածնի, 1870. - (Ա-Դ), 129 էջ ; Վերին Ագուլեաց երկու սեռից ուսումնարանների բացվիլը եւ կանոնադրութիւնքը /Պերճ Պռօշեանց. - Մոսկվա : Ա. հ., 1868. - 76 էջ ; Պարապոյ ժամք Մովսիս Զօհրապեանց Արցախեցւոյ /Մովսիս Զօհրապեանց Արցախեցի, Մասն 2-րդ. - Մոսկվա : տպ. Վօլդեմար Գօթիե, 1859. - 127 էջ | ||
| 650 | 1 | 4 | _aՀայոց պատմություն |
| 650 | 1 | 4 |
_aՀայ պատմիչների ստեղծագործությունները որպես պատմական աղբյուրներ _94992 |
| 700 | 1 |
_aԷմին, Մկրտիչ Հովսեփի, _d1815-1890 _eհրատ. _4pbl _93517 |
|
| 942 |
_2udc _cBK |
||
| 999 |
_c202365 _d202365 |
||